000 00361nam a2200133Ia 4500
008 220217s9999||||xx |||||||||||||| ||und||
020 _a81-7808-136-9
082 _a00 5.14 OUS
100 _aOusterhout, John, K
_92365
245 0 _aTCL and the tk toolkit
260 _aPearson education asia
_bDelhi
_c2002
300 _b325
650 _aSOFTWARE TESTING
999 _c172268
_d172268